Statistics for NBA 2K Covers

Click here to take the quiz!

General Stats

  • This quiz has been taken 527 times
    (94 since last reset)
  • The average score is 31 of 41

Answer Stats

Game:Answer:% Correct
| NBA 2K10Kobe Bryant
99%
| NBA 2K14LeBron James
96%
ESPN NBA Basketball | NBA 2K | NBA 2K1 | +2 othersAllen Iverson
95%
| NBA 2K15Kevin Durant
90%
| NBA 2K6 | NBA 2K7Shaquille O'Neal
87%
| NBA 2K11 | NBA 2K12Michael Jordan
87%
NBA 2k21Damian Lillard
86%
NBA 2K16 | NBA 2k20Anthony Davis
84%
NBA 2K17Paul George
82%
Dwayne Wade
81%
James Harden
78%
NBA 2K18Kyrie Irving
77%
NBA 2K19Giannis Antetokounmpo
76%
Stephen Curry
76%
Zion Williamson
75%
Blake Griffin
66%
NBA 2K13Derrick Rose
63%
NBA 2K9Kevin Garnett
63%
Larry Bird
58%
NBA 2K8Chris Paul
58%
ESPN NBA 2K5Ben Wallace
53%
Magic Johnson
53%
Tony Parker
37%
Ben Simmons
37%
Marc Gasol
36%
Pau Gasol
36%
Demar Derozan
29%
Dennis Schroder
22%

Score Distribution

Percentile by Number Answered

Percent of People with Each Score

Your Score History

You have not taken this quiz since the last reset